| 000 | 00381nam a22001337a 4500 | ||
|---|---|---|---|
| 005 | 20160329103925.0 | ||
| 008 | 150602b xxu||||| |||| 00| 0 eng d | ||
| 020 | _a9780071543811 | ||
| 020 | _a0071543813 | ||
| 041 | 0 | _aeng | |
| 080 | _a004.6 | ||
| 245 | 1 | 0 |
_aCitrix XenAppTM platinum edition advanced concepts : _cCitrix Product Development Team. |
| 942 |
_2udc _cBK |
||
| 999 |
_c964 _d964 |
||